| 000 | 00366nam a2200145Ia 4500 | ||
|---|---|---|---|
| 008 | 230312s9999||||xx |||||||||||||| ||und|| | ||
| 020 | _a81-203-0968-5 | ||
| 082 |
_a621.382 _bBEN-A |
||
| 100 | _aBenjamin.C.Kuo | ||
| 245 | 0 | _aAutomatic Control Systems | |
| 260 |
_bPHI _aIndia _c2013 |
||
| 300 | _a897 | ||
| 650 |
_aEngineering _vElectrical Engineering |
||
| 942 | _cBK | ||
| 999 |
_c10452 _d10452 |
||